Las pequeñas y medianas empresas (Registro nro. 6303)

Detalles MARC
000 -LEADER
fixed length control field 01121 a2200229 4500
001 - CONTROL NUMBER
control field 57798
005 - DATE AND TIME OF LATEST TRANSACTION
control field 20260407155838.0
008 - FIXED-LENGTH DATA ELEMENTS--GENERAL INFORMATION
fixed length control field 260407a2000 arg spa d
003 - CONTROL NUMBER IDENTIFIER
control field AR-UNSa-BCEJYS
040 ## - CATALOGING SOURCE
Original cataloging agency AR-UNSa-BCEJYS
Language of cataloging spa
Transcribing agency AR-UNSa-BCEJYS
080 ## - UNIVERSAL DECIMAL CLASSIFICATION NUMBER
Universal Decimal Classification number 334.713
Common auxiliary subdivision Pequeña industria (Pymes)
041 ## - LANGUAGE CODE
Language code of text/sound track or separate title spa
100 1# - MAIN ENTRY--PERSONAL NAME
Personal name Reunión Anual de la Red PyMEs Mercosur (5º : 2000 : Córdoba)
245 10 - TITLE STATEMENT
Title Las pequeñas y medianas empresas
Name of part/section of a work entorno, estrategias y potencial transformador
264 #1 - PRODUCTION, PUBLICATION, DISTRIBUTION, MANUFACTURE, AND COPYRIGHT NOTICE
Place of production, publication, distribution, manufacture Córdoba :
Name of producer, publisher, distributor, manufacturer Asociación Cooperadora de la Facultad de Ciencias Económicas de la Universidad Nacional de Córdoba.
Date of production, publication, distribution, manufacture, or copyright notice 2000
300 ## - PHYSICAL DESCRIPTION
Extent 526 p.
Dimensions 25 cm.
505 ## - FORMATTED CONTENTS NOTE
Formatted contents note 1. Creación, mortalidad y desarrollo de empresas – 2. Gestión empresarial en las PyMEs – 3. Redes de empresas, encadenamientos productivos y distritos industriales – 4. Instituciones, políticas y estrategias de apoyo a PyMEs
590 ## - LOCAL NOTE (RLIN)
Local note niveau_biblio:m niveau_hierar:0
700 1# - ADDED ENTRY--PERSONAL NAME
Personal name Red PyMEs Mercosur
700 1# - ADDED ENTRY--PERSONAL NAME
Personal name Universidad Nacional de Córdoba. Facultad de Ciencias Económicas. Instituto de Economía y Finanzas
942 ## - ADDED ENTRY ELEMENTS (KOHA)
Koha item type
Existencias
Withdrawn status Lost status Damaged status Not for loan Home library Current library Shelving location Date acquired Total checkouts Full call number Barcode Date last seen Price effective from Koha item type
        Biblioteca Prof. Eusebio Cleto del Rey Biblioteca Prof. Eusebio Cleto del Rey   07/04/2026   334.713 R444 L128878 07/04/2026 07/04/2026 Libro